[Event "GER-ch Net Amateur Gr-A Vor2"]
[Site "Playchess.com INT"]
[Date "2020.04.15"]
[Round "1"]
[White "Janzen, Alexej"]
[Black "Flach, Erich"]
[Result "0-1"]
[WhiteElo "1670"]
[BlackElo "1960"]
[PlyCount "68"]
[EventDate "2020.04.15"]
[EventType "swiss (blitz)"]
[EventRounds "9"]
[EventCountry "GER"]
[SourceTitle "CBM 196 Extra"]
[Source "ChessBase"]
[SourceDate "2020.07.31"]
[SourceVersion "1"]
[SourceVersionDate "2020.07.31"]
[SourceQuality "1"]

1. d4 Nf6 2. Nf3 c5 3. e3 b6 4. Be2 Bb7 5. 0-0 g6 6. c4 Bg7 7. d5 0-0 8. Nc3 e6 9. e4 d6 10. Bg5 exd5 11. exd5 Qd7 12. Re1 Na6 13. h3 Nc7 14. a4 a6 15. Qb3 Rab8 16. Nh2 b5 17. axb5 axb5 18. Bxf6 bxc4 19. Qxc4 Bxf6 20. Ng4 Bg7 21. Ne3 Ra8 22. Bg4 f5 23. Bf3 Ba6 24. Qd3 Bxd3 25. Rad1 c4 26. g3 Nb5 27. Ne2 Ra2 28. Rd2 Rxb2 29. Rxb2 Bxb2 30. Nf4 Ra8 31. Ne6 Ra1 32. Rxa1 Bxa1 33. Ng2 c3 34. Ngf4 Be4 0-1

[Event "GER-ch Net Amateur Gr-A Vor1"]
[Site "Playchess.com INT"]
[Date "2020.04.14"]
[Round "2"]
[White "Janzen, Alexej"]
[Black "Altenbernd, Jannis Domenik"]
[Result "0-1"]
[WhiteElo "1691"]
[BlackElo "1926"]
[PlyCount "64"]
[EventDate "2020.04.14"]
[EventType "swiss (blitz)"]
[EventRounds "9"]
[EventCountry "GER"]
[SourceTitle "EXT 2021"]
[Source "ChessBase"]
[SourceDate "2020.10.23"]
[SourceVersion "1"]
[SourceVersionDate "2020.10.23"]
[SourceQuality "1"]

1. d4 d6 2. e4 c6 3. Be3 e5 4. Nf3 Qc7 5. Nc3 Nf6 6. h3 Be7 7. Be2 0-0 8. 0-0 h6 9. Qd2 Nbd7 10. a4 Re8 11. dxe5 dxe5 12. Rad1 Nf8 13. a5 Be6 14. Nh2 Qxa5 15. Ng4 Nxg4 16. Bxg4 Bxg4 17. hxg4 Rad8 18. Qe2 a6 19. Qf3 Ne6 20. Qf5 Rxd1 21. Rxd1 Rd8 22. Rf1 g6 23. Qf3 Bg5 24. Qh3 Kg7 25. Qg3 Bf4 26. Qf3 Qb4 27. g3 Ng5 28. Qe2 Bxe3 29. fxe3 f6 30. Nd1 Nxe4 31. Qf3 Rd6 32. Nc3 Nd2 0-1

[Event "GER-ch Net Amateur Gr-A Vor1"]
[Site "Playchess.com INT"]
[Date "2020.04.14"]
[Round "4"]
[White "Janzen, Alexej"]
[Black "Hehn, Hartmut"]
[Result "0-1"]
[WhiteElo "1682"]
[BlackElo "1753"]
[PlyCount "126"]
[EventDate "2020.04.14"]
[EventType "swiss (blitz)"]
[EventRounds "9"]
[EventCountry "GER"]
[SourceTitle "EXT 2021"]
[Source "ChessBase"]
[SourceDate "2020.10.23"]
[SourceVersion "1"]
[SourceVersionDate "2020.10.23"]
[SourceQuality "1"]

1. e4 c6 2. d4 d5 3. exd5 cxd5 4. Bd3 Nf6 5. Bf4 Nc6 6. c3 e6 7. Nf3 Bd6 8. Bxd6 Qxd6 9. 0-0 0-0 10. Re1 h6 11. Ne5 Nd7 12. f4 f5 13. Qh5 Nf6 14. Qg6 Ne4 15. Bxe4 fxe4 16. Nd2 Bd7 17. g3 Ne7 18. Qg4 Rf5 19. Nf1 Raf8 20. Ne3 R5f6 21. Qh3 Nf5 22. Nxd7 Qxd7 23. Ng4 Qb5 24. Rab1 R6f7 25. Ne5 Rc7 26. Qf1 Qxf1+ 27. Kxf1 b5 28. a3 Rb8 29. g4 Nd6 30. Kg2 a5 31. Rbc1 Nc4 32. Re2 Nxe5 33. fxe5 b4 34. axb4 axb4 35. Rcc2 bxc3 36. Rxc3 Rcb7 37. Rcc2 Rb4 38. Red2 R8b7 39. Kf2 Kf7 40. Kg3 Rb3+ 41. Kg2 Rd3 42. Rxd3 exd3 43. Rd2 Rb4 44. Rxd3 Rxb2+ 45. Kg3 Re2 46. h4 Re4 47. h5 Ke7 48. Kf3 Kf7 49. Kg3 g6 50. Rf3+ Kg7 51. hxg6 Kxg6 52. Rf6+ Kg5 53. Rxe6 Rxg4+ 54. Kf3 Rxd4 55. Rd6 h5 56. e6 Kf6 57. Rb6 h4 58. Kg2 Re4 59. Rd6 d4 60. Kf3 Re3+ 61. Kf2 Re4 62. Kf3 Ke5 63. Rd8 Re3+ 0-1

[Event "Hofheim Spring op-B 4th"]
[Site "Hofheim"]
[Date "2016.04.02"]
[Round "8"]
[White "Sever, Mustafa Batuhan"]
[Black "Janzen, Alexej"]
[Result "1-0"]
[WhiteElo "1558"]
[BlackElo "1942"]
[PlyCount "123"]
[EventDate "2016.03.30"]
[EventType "swiss"]
[EventRounds "9"]
[EventCountry "GER"]
[SourceTitle "EXT 2018"]
[Source "ChessBase"]
[SourceDate "2017.10.13"]
[SourceVersion "1"]
[SourceVersionDate "2017.10.13"]
[SourceQuality "1"]

1. e4 e5 2. Nf3 Nc6 3. Bc4 Bc5 4. c3 Nf6 5. d3 a6 6. 0-0 Ba7 7. Re1 d6 8. h3 Na5 9. Nbd2 0-0 10. a4 Nxc4 11. Nxc4 b5 12. axb5 axb5 13. Be3 bxc4 14. Rxa7 Rxa7 15. Bxa7 cxd3 16. Qxd3 Bb7 17. Nd2 Qa8 18. Qe3 Bxe4 19. Nxe4 Nxe4 20. Qxe4 Qxa7 21. Qc6 h6 22. b4 Rb8 23. Re4 Qb7 24. Rc4 Qxc6 25. Rxc6 Rb7 26. Ra6 Kf8 27. Kf1 Ke7 28. Ke2 Rb5 29. Ke3 Rd5 30. Ra8 Rb5 31. Kd3 c5 32. Kc4 Rb7 33. b5 Ke6 34. Re8+ Kf6 35. Rd8 Ke7 36. Rg8 g6 37. Rh8 h5 38. Rc8 Rb6 39. Rc7+ Ke6 40. Ra7 Rb8 41. Ra6 f5 42. b6 e4 43. Kb5 Kd5 44. Ra1 f4 45. Rd1+ Ke5 46. f3 d5 47. fxe4 dxe4 48. c4 e3 49. Kxc5 g5 50. Kc6 g4 51. Kc7 Rxb6 52. Kxb6 gxh3 53. c5 hxg2 54. c6 f3 55. c7 f2 56. c8Q g1Q 57. Qe8+ Kf4 58. Rd4+ Kg3 59. Qg6+ Kf3 60. Qxh5+ Kg3 61. Rg4+ Kf3 62. Rxg1+ 1-0

[Event "Hofheim Spring op-B 2nd"]
[Site "Hofheim"]
[Date "2014.04.26"]
[Round "9"]
[White "Nixdorf, Andre"]
[Black "Janzen, Alexej"]
[Result "1/2-1/2"]
[WhiteElo "1978"]
[BlackElo "1939"]
[PlyCount "151"]
[EventDate "2014.04.22"]
[EventType "swiss"]
[EventRounds "9"]
[EventCountry "GER"]
[SourceTitle "CBM 160 Extra"]
[Source "ChessBase"]
[SourceDate "2014.07.01"]
[SourceVersion "1"]
[SourceVersionDate "2014.07.01"]
[SourceQuality "1"]

1. e4 e5 2. Nf3 Nc6 3. Bb5 Nf6 4. 0-0 Nxe4 5. d4 Nd6 6. Bxc6 dxc6 7. dxe5 Nf5 8. Qxd8+ Kxd8 9. Nc3 Ke8 10. Rd1 Be7 11. Bf4 h6 12. h3 Nh4 13. Nxh4 Bxh4 14. Ne2 Bd7 15. a4 Rd8 16. c4 Be6 17. b3 Rxd1+ 18. Rxd1 Be7 19. Be3 a6 20. Nd4 Bc8 21. g4 h5 22. f3 hxg4 23. hxg4 Bc5 24. Kg2 Rh7 25. Bg5 Be7 26. Bf4 Bc5 27. Bg5 Be7 28. Bf4 Bc5 29. Nc2 Be6 30. Bg5 Be7 31. Be3 b5 32. axb5 cxb5 33. Nd4 Bd7 34. Ra1 c5 35. Nc2 bxc4 36. bxc4 Bc8 37. Ra5 f6 38. exf6 gxf6 39. Bxc5 f5 40. gxf5 Bxf5 41. Nb4 Bh3+ 42. Kf2 Rh5 43. Nd5 Bh4+ 44. Ke2 Re5+ 45. Be3 Bd8 46. Rxa6 Bd7 47. Nf6+ Bxf6 48. Rxf6 Be6 49. Rf4 Kd7 50. Kd3 Kc6 51. Kd4 Ra5 52. Re4 Kd7 53. Kc3 Bf5 54. Rd4+ Kc6 55. Kb4 Ra1 56. Rf4 Rb1+ 57. Kc3 Be6 58. Ba7 Rc1+ 59. Kd3 Ra1 60. Bd4 Ra3+ 61. Bc3 Kc5 62. Rh4 Bf5+ 63. Kd2 Ra2+ 64. Kd1 Be6 65. Be5 Bxc4 66. f4 Kd5 67. Rh3 Ke4 68. Rc3 Ra1+ 69. Kc2 Ra2+ 70. Kb1 Ra4 71. Kb2 Ra2+ 72. Kc1 Be2 73. Kb1 Rd2 74. Kc1 Ra2 75. Rc2 Rxc2+ 76. Kxc2 1/2-1/2

[Event "Hofheim Spring op-B 2nd"]
[Site "Hofheim"]
[Date "2014.04.24"]
[Round "5"]
[White "Eg, Karlheinz"]
[Black "Janzen, Alexej"]
[Result "1/2-1/2"]
[WhiteElo "1912"]
[BlackElo "1939"]
[PlyCount "68"]
[EventDate "2014.04.22"]
[EventType "swiss"]
[EventRounds "9"]
[EventCountry "GER"]
[SourceTitle "CBM 160 Extra"]
[Source "ChessBase"]
[SourceDate "2014.07.01"]
[SourceVersion "1"]
[SourceVersionDate "2014.07.01"]
[SourceQuality "1"]

1. e4 e5 2. Nf3 Nc6 3. Bb5 Nf6 4. 0-0 Nxe4 5. d4 Nd6 6. Ba4 e4 7. Ne5 Be7 8. c4 Nxe5 9. dxe5 Nxc4 10. Qd5 Nb6 11. Qxe4 Nxa4 12. Qxa4 0-0 13. Nc3 d5 14. f4 Bc5+ 15. Kh1 c6 16. f5 Qe7 17. f6 Qxe5 18. fxg7 Qxg7 19. Bf4 Bf5 20. Bh6 Qxh6 21. Rxf5 Bd6 22. Qg4+ Kh8 23. Rh5 Qg6 24. Qh3 Rae8 25. Rh6 Qc2 26. Rxd6 Qxb2 27. Rf1 Qf2 28. g4 Re3 29. Nd1 Rxh3 30. Rxf2 Rd3 31. Nb2 Ra3 32. Nd1 Rd3 33. Nb2 Ra3 34. Nd1 Rd3 1/2-1/2

[Event "Maastricht Limburg op-B 7th"]
[Site "Maastricht"]
[Date "2013.05.18"]
[Round "3"]
[White "Janzen, Alexej"]
[Black "Tutenel, Erik"]
[Result "1-0"]
[WhiteElo "1950"]
[BlackElo "1827"]
[PlyCount "127"]
[EventDate "2013.05.17"]
[EventType "swiss"]
[EventRounds "7"]
[EventCountry "NED"]
[SourceTitle "EXT 2014"]
[Source "ChessBase"]
[SourceDate "2013.11.20"]
[SourceVersion "1"]
[SourceVersionDate "2013.11.20"]
[SourceQuality "1"]

1. Nf3 d5 2. d4 Nf6 3. c4 dxc4 4. e3 e6 5. Bxc4 c5 6. 0-0 a6 7. dxc5 Qxd1 8. Rxd1 Bxc5 9. Be2 0-0 10. b3 Nbd7 11. Bb2 b5 12. Nbd2 Bb7 13. a4 Bc6 14. Rac1 Rfc8 15. Ne5 Nxe5 16. Rxc5 Ned7 17. Rc2 bxa4 18. Rdc1 Bb7 19. bxa4 Rxc2 20. Rxc2 Rc8 21. Rxc8+ Bxc8 22. Nb3 Ne4 23. f3 Nec5 24. Nxc5 Nxc5 25. a5 Nd7 26. e4 Nb8 27. Kf2 Nc6 28. Bc3 Kf8 29. Ke3 g6 30. e5 Ke8 31. Kd3 Kd7 32. Kc4 Ne7 33. Bd1 Bb7 34. h4 Bc6 35. g4 Nd5 36. Kd4 Bb5 37. Bd2 Ne7 38. f4 Ke8 39. Kc5 Kd7 40. Bf3 Kc7 41. Kd4 Kd7 42. Bb4 Nd5 43. Bd2 Ne7 44. Ke3 Nd5+ 45. Kf2 Ne7 46. Kg3 Ke8 47. Be4 Nd5 48. f5 Ne7 49. fxe6 fxe6 50. h5 Kf7 51. Kh4 Be2 52. Kg5 gxh5 53. gxh5 Nf5 54. h6 Bc4 55. Bf3 Ng3 56. Be1 Nf5 57. Bh5+ Kg8 58. Bd2 Ng3 59. Bf3 Kf7 60. Bf4 Nf5 61. Bh5+ Ke7 62. Bd2 Ng3 63. Bb4+ Kd8 64. Bg6 1-0

[Event "Hannover Ihme Cup"]
[Site "Hannover"]
[Date "2013.05.04"]
[Round "3"]
[White "Cordes, Klaus"]
[Black "Janzen, Alexej"]
[Result "1-0"]
[WhiteElo "2253"]
[BlackElo "1950"]
[PlyCount "109"]
[EventDate "2013.05.03"]
[EventType "swiss"]
[EventRounds "5"]
[EventCountry "GER"]
[SourceTitle "EXT 2021"]
[Source "ChessBase"]
[SourceDate "2020.10.23"]
[SourceVersion "1"]
[SourceVersionDate "2020.10.23"]
[SourceQuality "1"]

1. Nf3 d5 2. g3 Bg4 3. Bg2 Nd7 4. c4 c6 5. cxd5 cxd5 6. Qa4 Ngf6 7. Nc3 e6 8. d3 Be7 9. 0-0 0-0 10. h3 Bh5 11. Bf4 a6 12. Rfc1 b5 13. Qd1 Rc8 14. a3 h6 15. b4 Ne8 16. Ra2 Bd6 17. Be3 Nef6 18. Qb3 Bxf3 19. Bxf3 Ne5 20. Bg2 Qd7 21. Rac2 Qb7 22. Nb1 Nfd7 23. f4 Nc6 24. Bxd5 Bxf4 25. gxf4 exd5 26. Qxd5 Ndb8 27. Qf3 Qd7 28. Qg2 Rfe8 29. Bf2 Ne7 30. Nc3 Rc6 31. Kh2 Rg6 32. Qf3 Nf5 33. Nd5 Kh7 34. e4 Ne7 35. Rc7 Qd6 36. Bc5 Qe6 37. Rxe7 Rxe7 38. Bxe7 Nc6 39. Bc5 f5 40. Rg1 Rxg1 41. Bxg1 Nd8 42. exf5 Qe1 43. Qe4 Qd2+ 44. Kh1 Qd1 45. f6+ Kg8 46. Ne7+ Kf7 47. fxg7 Kxg7 48. Nf5+ Kf7 49. Nxh6+ Kg7 50. Nf5+ Kf6 51. Qe5+ Kg6 52. Nh4+ Kf7 53. Qd5+ Ke8 54. Qg8+ Kd7 55. Qg4+ 1-0

[Event "Hannover Ihme Cup"]
[Site "Hannover"]
[Date "2013.05.03"]
[Round "1"]
[White "Rabsch, Peter"]
[Black "Janzen, Alexej"]
[Result "0-1"]
[WhiteElo "1709"]
[BlackElo "1950"]
[PlyCount "82"]
[EventDate "2013.05.03"]
[EventType "swiss"]
[EventRounds "5"]
[EventCountry "GER"]
[SourceTitle "EXT 2021"]
[Source "ChessBase"]
[SourceDate "2020.10.23"]
[SourceVersion "1"]
[SourceVersionDate "2020.10.23"]
[SourceQuality "1"]

1. d4 d5 2. Nf3 e6 3. e3 Nf6 4. Bd3 c5 5. b3 Nc6 6. Bb2 Be7 7. Nbd2 0-0 8. 0-0 b6 9. Ne5 Bb7 10. a3 Rc8 11. Rc1 cxd4 12. exd4 a6 13. Qe2 b5 14. Ndf3 Bd6 15. Nxc6 Rxc6 16. Ne5 Rc7 17. f3 Qe7 18. Ra1 Rfc8 19. Rfc1 Nh5 20. g3 Qg5 21. Kh1 Qxg3 22. hxg3 Nxg3+ 23. Kg2 Nxe2 24. Bxe2 Rxc2 25. Rxc2 Rxc2 26. Kf2 Rxb2 27. b4 Bxe5 28. dxe5 Rc2 29. Ke3 g6 30. Kd3 Rc7 31. Kd4 Kg7 32. a4 bxa4 33. Rxa4 Bc8 34. Bxa6 Bxa6 35. Rxa6 Rc4+ 36. Kd3 Rxb4 37. Ra3 g5 38. Ke3 Kg6 39. Rc3 Rc4 40. Ra3 f5 41. exf6 Kxf6 0-1

[Event "Vellmar op-B 4th"]
[Site "Vellmar"]
[Date "2012.07.28"]
[Round "5"]
[White "Bickmann, Uwe"]
[Black "Janzen, Alexej"]
[Result "0-1"]
[WhiteElo "1780"]
[BlackElo "1888"]
[PlyCount "52"]
[EventDate "2012.07.26"]
[EventType "swiss"]
[EventRounds "7"]
[EventCountry "GER"]
[SourceTitle "EXT 2015"]
[Source "ChessBase"]
[SourceDate "2014.11.20"]
[SourceVersion "1"]
[SourceVersionDate "2014.11.20"]
[SourceQuality "1"]

1. c4 e5 2. g3 Nf6 3. Bg2 Nc6 4. Nc3 Bb4 5. Nd5 d6 6. Nxb4 Nxb4 7. d3 h6 8. Nf3 Nc6 9. 0-0 0-0 10. a3 Be6 11. b4 Qd7 12. Bb2 Bh3 13. Qb3 Bxg2 14. Kxg2 Qf5 15. e4 Qe6 16. Qc2 Rae8 17. Rae1 Nh7 18. Bc1 Qf6 19. b5 Qxf3+ 20. Kg1 Nd4 21. Qa2 Ng5 22. Bxg5 hxg5 23. Re3 Qh5 24. f4 gxf4 25. gxf4 exf4 26. Ree1 Nf3+ 0-1

[Event "Lingen op 4th"]
[Site "Lingen"]
[Date "2012.07.21"]
[Round "2"]
[White "Janzen, Alexej"]
[Black "Schumann, Steffen"]
[Result "1-0"]
[WhiteElo "1888"]
[BlackElo "1768"]
[PlyCount "63"]
[EventDate "2012.07.20"]
[EventType "swiss"]
[EventRounds "5"]
[EventCountry "GER"]
[SourceTitle "EXT 2013"]
[Source "ChessBase"]
[SourceDate "2012.11.22"]
[SourceVersion "1"]
[SourceVersionDate "2012.11.22"]
[SourceQuality "1"]

1. e4 c5 2. Nc3 Nc6 3. f4 g6 4. Nf3 Bg7 5. Bb5 e6 6. Bxc6 bxc6 7. 0-0 d5 8. e5 Ne7 9. d3 0-0 10. b3 h5 11. Na4 c4 12. dxc4 dxc4 13. Qxd8 Rxd8 14. Kf2 Nf5 15. Ba3 cxb3 16. axb3 Bd7 17. Rfd1 Be8 18. Bc5 Bf8 19. Rxd8 Rxd8 20. Bxa7 Rd5 21. Nc3 Rd7 22. Ne4 Be7 23. Ke2 Kg7 24. Bc5 Bxc5 25. Nxc5 Rd5 26. b4 Nd4+ 27. Nxd4 Rxd4 28. Nd3 Rc4 29. Kd2 f6 30. Ra7+ Bf7 31. exf6+ Kxf6 32. Rxf7+ 1-0

[Event "Niedersachsen-ch op-B"]
[Site "Verden"]
[Date "2012.01.03"]
[Round "4"]
[White "Janzen, Alexej"]
[Black "Bohnstorff, Michael"]
[Result "0-1"]
[WhiteElo "1852"]
[BlackElo "2073"]
[PlyCount "32"]
[EventDate "2012.01.02"]
[EventType "swiss"]
[EventRounds "7"]
[EventCountry "GER"]
[SourceTitle "EXT 2021"]
[Source "ChessBase"]
[SourceDate "2020.10.23"]
[SourceVersion "1"]
[SourceVersionDate "2020.10.23"]
[SourceQuality "1"]

1. e4 d6 2. d4 e5 3. Nf3 Nf6 4. Nc3 exd4 5. Nxd4 Nc6 6. Nxc6 bxc6 7. Bd3 Be7 8. 0-0 0-0 9. Re1 Ng4 10. Bf4 Bf6 11. Qd2 Bd4 12. Nd1 Be6 13. c3 Be5 14. Bxe5 Nxe5 15. Ne3 Qg5 16. b3 Nf3+ 0-1

[Event "Braunschweig Oker Cup"]
[Site "Braunschweig"]
[Date "2011.12.03"]
[Round "2"]
[White "Janzen, Alexej"]
[Black "Pollmann, Sascha"]
[Result "0-1"]
[WhiteElo "1859"]
[BlackElo "2045"]
[PlyCount "94"]
[EventDate "2011.12.02"]
[EventType "swiss"]
[EventRounds "5"]
[EventCountry "GER"]
[SourceTitle "EXT 2013"]
[Source "ChessBase"]
[SourceDate "2012.11.22"]
[SourceVersion "1"]
[SourceVersionDate "2012.11.22"]
[SourceQuality "1"]

1. d4 e6 2. Nf3 f5 3. c3 Nf6 4. Bg5 Be7 5. Nbd2 d5 6. Qc2 0-0 7. h3 Nbd7 8. g4 Ne4 9. Bxe7 Qxe7 10. Bg2 c6 11. Rg1 e5 12. g5 Nxd2 13. Nxd2 e4 14. f4 Nb6 15. e3 Be6 16. Bf1 Rfc8 17. b4 a5 18. Qb3 axb4 19. cxb4 Ra4 20. Rb1 Rca8 21. Rb2 Ra3 22. Qc2 Rxe3+ 23. Kf2 Rea3 24. Nb1 Rf3+ 25. Ke1 Rxf4 26. Be2 Rh4 27. Rb3 f4 28. Bg4 Bxg4 29. Qc5 Qxc5 30. bxc5 Bc8 31. cxb6 Rxa2 32. Ra3 Rxa3 33. Nxa3 Rxh3 34. Nc2 Rb3 35. Rf1 Rb1+ 36. Ke2 Bg4+ 37. Kf2 Rxb6 38. g6 Rb2 39. Rc1 hxg6 40. Ke1 f3 41. Kf2 Bf5 42. Kg3 g5 43. Ne3 Be6 44. Ra1 Re2 45. Ra3 c5 46. Ra1 Rxe3 47. Rh1 Re2 0-1

[Event "Werther Schloss op-C 13rd"]
[Site "Werther"]
[Date "2007.04.01"]
[Round "5"]
[White "Janzen, Alexej"]
[Black "Moennich, Gerhard"]
[Result "0-1"]
[WhiteElo "1748"]
[BlackElo "1630"]
[PlyCount "94"]
[EventDate "2007.03.31"]
[EventType "swiss"]
[EventRounds "5"]
[EventCountry "GER"]
[SourceTitle "EXT 2008"]
[Source "ChessBase"]
[SourceDate "2007.11.25"]
[SourceVersion "1"]
[SourceVersionDate "2007.11.25"]
[SourceQuality "1"]

1. f4 d5 2. Nf3 g6 3. e3 Bg7 4. Be2 Nf6 5. 0-0 0-0 6. d3 e6 7. Ne5 c5 8. Nd2 Nc6 9. Nxc6 bxc6 10. Nf3 Nd7 11. Qe1 Rb8 12. Rb1 Qb6 13. Qg3 Qc7 14. e4 dxe4 15. dxe4 Nf6 16. Ng5 h6 17. e5 Nd5 18. Ne4 Qa5 19. c4 Ne7 20. Nd6 Nf5 21. Nxf5 exf5 22. Be3 Be6 23. Qf2 Rfd8 24. a3 Bf8 25. h3 Kg7 26. g4 Be7 27. Kh2 Rd7 28. gxf5 Bxf5 29. Bg4 Bxb1 30. Bxd7 Bd3 31. Rg1 Qc7 32. Bg4 Kh7 33. b4 cxb4 34. f5 g5 35. Bd4 f6 36. axb4 Rxb4 37. Qg3 Bxc4 38. Bh5 Bd5 39. Bg6+ Kg8 40. exf6 Qxg3+ 41. Kxg3 Bd6+ 42. Kf2 Rxd4 43. Rb1 a5 44. Re1 Re4 45. Rb1 Bb4 46. Rd1 a4 47. Bh5 Rf4+ 0-1

[Event "Lippe Cup 03rd"]
[Site "Lieme"]
[Date "2006.10.08"]
[Round "4"]
[White "Nolte, Wilhelm"]
[Black "Janzen, Alexej"]
[Result "0-1"]
[WhiteElo "1585"]
[BlackElo "1715"]
[PlyCount "104"]
[EventDate "2006.10.06"]
[EventType "swiss"]
[EventRounds "5"]
[EventCountry "GER"]
[SourceTitle "EXT 2012"]
[Source "ChessBase"]
[SourceDate "2011.11.24"]
[SourceVersion "1"]
[SourceVersionDate "2011.11.24"]
[SourceQuality "1"]

1. e4 c5 2. Nc3 e6 3. f4 a6 4. a4 Nc6 5. Bc4 Nf6 6. e5 d5 7. exd6 Bxd6 8. d3 Qc7 9. Nge2 b6 10. 0-0 0-0 11. Qe1 Bb7 12. Ng3 Nd4 13. Qd2 Rad8 14. Nce4 Nxe4 15. dxe4 b5 16. axb5 axb5 17. Be2 Bxe4 18. Nxe4 Bxf4 19. Qe1 Bxh2+ 20. Kh1 Nxe2 21. Qxe2 Qe5 22. Qf3 Rd4 23. Nf2 Bg3 24. Nh3 Rh4 25. Ra8 f6 26. Rxf8+ Kxf8 27. Be3 g5 28. Bxc5+ Kf7 29. Bd6 Qxd6 30. Qxf6+ Ke8 31. Qf7+ Kd8 32. Qf6+ Kc7 33. Qxg5 Rxh3+ 34. gxh3 Be5 35. Rf7+ Kb6 36. Qg1+ Bd4 37. Qg2 Bxb2 38. Qb7+ Ka5 39. Qa7+ Kb4 40. Qg1 e5 41. Qg2 Bd4 42. Rf3 Kc4 43. c3 Bxc3 44. Qc2 b4 45. Qa2+ Kb5 46. Qe2+ Kc5 47. Rd3 Bd4 48. Qc2+ Kb6 49. Qe2 Qd5+ 50. Kh2 Qc4 51. Qf3 e4 52. Qxe4 Bg1+ 0-1

[Event "Werther Schloss op-C 12th"]
[Site "Werther"]
[Date "2006.04.07"]
[Round "1"]
[White "Ruehmkorf, Hans Joachim"]
[Black "Janzen, Alexej"]
[Result "1-0"]
[WhiteElo "1797"]
[BlackElo "1646"]
[PlyCount "29"]
[EventDate "2006.04.07"]
[EventType "swiss"]
[EventRounds "5"]
[EventCountry "GER"]
[SourceTitle "EXT 2008"]
[Source "ChessBase"]
[SourceDate "2007.11.25"]
[SourceVersion "1"]
[SourceVersionDate "2007.11.25"]
[SourceQuality "1"]

1. e4 c5 2. Nf3 e6 3. d4 cxd4 4. Nxd4 a6 5. Bd3 Bc5 6. Nb3 Ba7 7. 0-0 Nc6 8. Kh1 Nf6 9. Nc3 h6 10. f4 d5 11. e5 Nd7 12. Qh5 Ne7 13. f5 Nc5 14. Nxc5 Bxc5 15. f6 1-0